Nástroje marketingového mixu v konkrétnej firme bakalárska práca

Uložené v:
Podrobná bibliografia
Hlavný autor: Kopečná, Kristína
Korporativný autor: Obchodná fakulta EU. Katedra marketingu
Ďalší autori: Korčoková, Marína, 1970-
Médium: Kniha
Jazyk:Slovak
Vydavateľské údaje: Bratislava 2018
Tagy: Pridať tag
Žiadne tagy, Buďte prvý, kto otaguje tento záznam!

MARC

LEADER 00000nbm a2200000 4500
001 0245098
005 20180815085318.1
041 0 |a slo 
044 |a SK 
245 1 0 |a Nástroje marketingového mixu v konkrétnej firme  |b bakalárska práca  |c Kristína Kopečná ; školiteľ: Marína Korčoková 
264 1 |a Bratislava  |c 2018 
300 |a 69 s. 
100 1 |a Kopečná, Kristína 
700 1 |a Korčoková, Marína, 1970- 
710 2 |a Obchodná fakulta EU. Katedra marketingu